Normal view
MARC view
Entry Personal Name
001 - CONTROL NUMBER
- control field: 67121
003 - CONTROL NUMBER IDENTIFIER
- control field: dpl
005 - DATE AND TIME OF LATEST TRANSACTION
- control field: 20240530142522.0
008 - FIXED-LENGTH DATA ELEMENTS
- fixed length control field: 240530|| aca||aabn | a|a d
040 ## - CATALOGING SOURCE
- Original cataloging agency: dpl
- Transcribing agency: dpl
100 ## - HEADING--PERSONAL NAME
- Personal name: Menon, Sreelata
670 ## - SOURCE DATA FOUND
- Source citation: Work cat.: (dpl)203405: Menon, Sreelata, The Fearless Twin and other Sibling Stories from Mythology/, 2023
